Statistics for Most Viewed Pre 2000s Singers on Wikipedia

Click here to take the quiz!

General Stats

  • This quiz has been taken 176 times
  • The average score is 7 of 15

Answer Stats

ViewsSinger% Correct
133 mMichael Jackson
93%
74 mElvis Presley
74%
71 mMadonna
68%
58 mJohn Lennon
65%
106 mFreddie Mercury
58%
65 mPrince
44%
70 mBritney Spears
42%
120 mEminem
42%
56 mMariah Carey
40%
83 mTupac Shakur
32%
65 mDavid Bowie
31%
53 mSnoop Dogg
21%
63 mJennifer Lopez
19%
57 mBob Marley
17%
88 mLil Wayne
13%

Score Distribution

Percentile by Number Answered

Percent of People with Each Score

Your Score History

You have not taken this quiz